000 00888nmm a2200253 a 4500
001 ocm000608208
003 TR-IsHL
005 20201028133418.0
008 131121s2007 tu tur
007 cr cn
020 _a9789750058233
035 _a608208
_b(N$T)
050 0 4 _aNK3639.T9
_bA32 2007
090 0 4 _aNK3639.T9
_bA32 2007
245 1 0 _aAlbaraka Türk hat yarışmasından seçme eserler
_h[electronic resource]
260 _aİstanbul :
_bAlbaraka Türk Yayınları,
_c2007
300 _a64 p.
650 4 _aMüze ve Kültürel Çalışmalar
650 4 _aMuseums and Cultural Works
650 0 _aHat, İslam
_x Yarışmalar
_x Kataloglar
650 0 _aCalligraphy, Islamic
_x Competitions
_x Catalogs
650 7 _aART / Techniques / Calligraphy
_2bisacsh
856 4 0 _uhttp://search.ebscohost.com/login.aspx?direct=true&scope=site&db=e011xww&AN=608208
999 _c5627
_d5627